Normal view MARC view
  • Integrerade kretsar

Entry Topical Term

Number of records used in: 5

001 - CONTROL NUMBER

  • control field: 2959

003 - CONTROL NUMBER IDENTIFIER

  • control field: NUST

005 - DATE AND TIME OF LATEST TRANSACTION

  • control field: 20170620133420.0

008 - FIXED-LENGTH DATA ELEMENTS

  • fixed length control field: 170620|| aca||aabn | a|a d

040 ## - CATALOGING SOURCE

  • Original cataloging agency: NUST
  • Transcribing agency: NUST

150 ## - HEADING--TOPICAL TERM

  • Topical term or geographic name entry element: Integrerade kretsar

670 ## - SOURCE DATA FOUND

  • Source citation: Work cat.: (NUST)23858: Wayne Wolf 2954, Modern VLSI design: System-on-chip design, c1997.
© 2023 Central Library, National University of Sciences and Technology. All Rights Reserved.